Learn With Pictures: Opposites||Puffin / (Record no. 566479)

MARC details
000 -LEADER
fixed length control field 00406nam a2200157Ia 4500
008 - FIXED-LENGTH DATA ELEMENTS--GENERAL INFORMATION
fixed length control field 241212s9999 xx 000 0 und d
020 ## - INTERNATIONAL STANDARD BOOK NUMBER
ISBN 9780143453895
082 ## - DEWEY DECIMAL CLASSIFICATION NUMBER
Classification number 428.1
Item number PUF
100 ## - MAIN ENTRY--AUTHOR NAME
Personal name Puffin
245 #0 - TITLE STATEMENT
Title Learn With Pictures: Opposites||Puffin /
Statement of responsibility, etc Editorial, Prhi
260 ## - PUBLICATION, DISTRIBUTION, ETC. (IMPRINT)
Name of publisher Penguin
Year of publication 2022
Place of publication India
300 ## - PHYSICAL DESCRIPTION
Number of Pages 22 p
650 ## - SUBJECT ADDED ENTRY--TOPICAL TERM
Topical Term Children Books
942 ## - ADDED ENTRY ELEMENTS (KOHA)
Koha item type English Books
Holdings
Withdrawn status Lost status Damaged status Not for loan Home library Current library Shelving location Date acquired Cost, normal purchase price Full call number Accession Number Price effective from Koha item type
        Anna Centenary Library Anna Centenary Library CHILDREN SECTION-1ST FLOOR, B WING 24.08.2024 199.00 428.1 PUF 698106 12.12.2024 English Books

Find us on the map